| 000 | 00517cam a2200133 4500500 | ||
|---|---|---|---|
| 005 | 20260111145840.0 | ||
| 041 | _afre | ||
| 042 | _adc | ||
| 245 | 0 | 0 | _aBruno Proth, Lieux de drague. Scènes et coulisses d’une sexualité masculine, Octarès éditions, Toulouse, 2002, 447 pages |
| 260 | _c2005. | ||
| 500 | _a8 | ||
| 786 | 0 | _nEthnologie française | 35 | 2 | 2005-06-01 | p. 355j-371j | 0046-2616 | |
| 856 | 4 | 1 | _uhttps://shs.cairn.info/revue-ethnologie-francaise-2005-2-page-355j?lang=fr&redirect-ssocas=7080 |
| 999 |
_c1636538 _d1636538 |
||